000 00898nas a2200289 4500
001 BR9604055
003 BR-BrBNA
005 20231205095333.0
007 ta
008 230509b bl.|||p| |||| 00| 00por d
040 _aBR-BrBNA
_bpor
_cBiblioteca Nacional de Agricultura
041 _a(Pt)
072 _aL51
100 1 _aCarvalho, F.F.R. de
100 1 _aQueiroz, A.C. de
100 1 _aRodrigues, M.T.
100 1 _aFontes, C.A. de A.
245 1 _aEfeito de niveis crescentes de proteina bruta sobre a digestibilidade dos nutrientes em cabras lactantes
650 _aCabra
650 _aLactacao
650 _aDigestibilidade
650 _aNutriente
650 _aProteina
773 0 _tRevista da Sociedade Brasileira de Zootecnia (Brazil)
_xISSN 0100-4859
_g(Sep-Oct 1995), v. 24(5) p. 852-862
_wBR9604055
909 _a202311
_bLúcia
_c55
_dLúcia Elande
942 _2AGRIS
_n0
_cANA
999 _c150110
_d150110